| 000 | 00391nam a2200145Ia 4500 | ||
|---|---|---|---|
| 008 | 150128s9999 xx 000 0 und d | ||
| 020 | _a0553213504 | ||
| 050 |
_aCLA _bD89o 2003 |
||
| 100 | _aDumas, Alexandre. | ||
| 245 | 4 | _aThe count of Monte Cristo / | |
| 250 | _aDumas, Alexandre. | ||
| 260 |
_aNew York: _bBantam Books, _c2003. |
||
| 300 |
_a531 pages : _c18 cm. |
||
| 650 | _xFiction. | ||
| 999 |
_c278877 _d278877 |
||